| 000 | 00517nam a2200193Ia 4500 | ||
|---|---|---|---|
| 008 | 220216s9999 xx 000 0 und d | ||
| 100 | _aUphus R | ||
| 245 | 0 | _aContinuous mixing of powder rubber on the twin screw extruder | |
| 260 |
_bKautschuk Gummi Kunststoffe _c2000 |
||
| 300 | _a279-289 | ||
| 650 | _aContinuous mixing | ||
| 650 | _aProcess development | ||
| 650 | _aScrew elements | ||
| 650 | _aTwin screw extruder | ||
| 700 | _aGorl U | ||
| 700 | _aSchuster R H | ||
| 700 | _aSkibba O | ||
| 942 | _cJS | ||
| 999 |
_c56253 _d56253 |
||